[Event "SweCh MElit"]
[Site "Umeå, Sweden"]
[Date "2003.07.11"]
[Round "12"]
[White "Malmstig, Erik"]
[Black "Lindgren, Fredrik"]
[Result "1-0"]
[WhiteElo "2377"]
[BlackElo "2306"]
[PlyCount "37"]
[EventDate "2003.06.29"]
[SourceDate "2003.06.29"]

1. d4 c6 2. e4 d5 3. Nc3 dxe4 4. Nxe4 Bf5 5. Ng3 Bg6 6. h4 h6 7. Nf3 Nf6 8. Bc4
e6 9. Ne5 Bh7 10. Qe2 Nd5 11. Qf3 Nf6 12. O-O Nbd7 13. Nxf7 Kxf7 14. Re1 g6 15.
Bxe6+ Kg7 16. h5 Bd6 17. Ne4 Qf8 18. Bxh6+ Kxh6 19. Qe3+ 1-0

[Event "SweCh MElit"]
[Site "Umeå, Sweden"]
[Date "2003.07.11"]
[Round "12"]
[White "Couso, Luis"]
[Black "Engström, Kaj"]
[Result "1-0"]
[WhiteElo "2394"]
[BlackElo "2361"]
[PlyCount "53"]
[EventDate "2003.06.29"]
[SourceDate "2003.06.29"]

1. e4 c5 2. Nf3 e6 3. d4 cxd4 4. Nxd4 Bc5 5. Nb3 Bb6 6. Bd3 Nc6 7. O-O Qh4 8.
N1d2 Ne5 9. Nf3 Nxf3+ 10. Qxf3 Ne7 11. Bf4 O-O 12. Bd6 Re8 13. c4 Nc6 14. c5
Bd8 15. Qe2 Be7 16. f4 Bxd6 17. cxd6 e5 18. Bc4 b5 19. Bd5 Bb7 20. Rad1 Rab8
21. Nc5 Qd8 22. Qh5 g6 23. Qh6 Re6 24. Bxe6 dxe6 25. f5 exf5 26. exf5 Nd4 27.
f6 1-0

[Event "SweCh MElit"]
[Site "Umeå, Sweden"]
[Date "2003.07.11"]
[Round "12"]
[White "Jonsson, Mikael"]
[Black "Vernersson, Per"]
[Result "0-1"]
[WhiteElo "2314"]
[BlackElo "2438"]
[PlyCount "94"]
[EventDate "2003.06.29"]
[SourceDate "2003.06.29"]

1. e4 c6 2. d4 d5 3. e5 Bf5 4. Be3 e6 5. Nd2 Ne7 6. c3 Nd7 7. f4 Bg6 8. g4 h5
9. f5 exf5 10. g5 Qb6 11. b4 Nxe5 12. Bf4 Nd7 13. Ngf3 Nc8 14. Qe2+ Be7 15. Nb3
O-O 16. Bh3 Bd6 17. Bxd6 Nxd6 18. O-O Rfe8 19. Qg2 Nc4 20. Rfe1 Qc7 21. Nh4 Qf4
22. Qg3 Qxg3+ 23. hxg3 Nd6 24. Kg2 Bh7 25. Nc5 Nb6 26. Kf3 g6 27. Kf4 Kg7 28.
Nf3 Re4+ 29. Nxe4 dxe4 30. Ke3 exf3 31. Kxf3 Ne4 32. Rac1 Nxg5+ 33. Kg2 Ne4 34.
c4 Rd8 35. Red1 g5 36. Kh2 f4 37. gxf4 g4 38. Bg2 h4 39. d5 Nf2 40. dxc6 g3+
41. Kg1 Nxd1 42. cxb7 Ne3 43. c5 Nxg2 44. cxb6 Ne3 45. bxa7 h3 46. a8=Q h2+ 47.
Kh1 Be4# 0-1

[Event "SweCh MElit"]
[Site "Umeå, Sweden"]
[Date "2003.07.11"]
[Round "12"]
[White "Lundin, Anders"]
[Black "Hamark, Jesper"]
[Result "0-1"]
[WhiteElo "2247"]
[BlackElo "2350"]
[PlyCount "76"]
[EventDate "2003.06.29"]
[SourceDate "2003.06.29"]

1. d4 Nf6 2. c4 e6 3. Nf3 c5 4. d5 b5 5. Bg5 Qa5+ 6. Bd2 Qd8 7. Bg5 Qa5+ 8. Bd2
Qb6 9. Nc3 b4 10. Na4 Qc7 11. Qc2 exd5 12. cxd5 Nxd5 13. Qe4+ Ne7 14. Rc1 Bb7
15. Qc2 d6 16. Bxb4 Nd5 17. Bd2 Be7 18. e4 Nf6 19. Nc3 O-O 20. Bd3 Na6 21. a3
c4 22. Nb5 Qb6 23. Bxc4 Bxe4 24. Qd1 d5 25. Be3 Bc5 26. Bxc5 Nxc5 27. Be2 Bxf3
28. gxf3 Ne6 29. Qd2 d4 30. a4 Rad8 31. Bd3 Nc5 32. Bc4 Nxa4 33. Qb4 d3 34. Rd1
Nc5 35. Qc3 a6 36. Na3 Qb7 37. Rg1 Qxf3 38. Rd2 Nce4 0-1

[Event "SweCh MElit"]
[Site "Umeå, Sweden"]
[Date "2003.07.11"]
[Round "12"]
[White "Sixtensson, Mikael"]
[Black "Eriksson, Anders"]
[Result "1-0"]
[WhiteElo "2257"]
[BlackElo "2334"]
[PlyCount "57"]
[EventDate "2003.06.29"]
[SourceDate "2003.06.29"]

1. d4 Nf6 2. c4 e6 3. Nf3 Bb4+ 4. Nbd2 c5 5. e3 cxd4 6. exd4 b6 7. a3 Be7 8.
Bd3 Bb7 9. O-O O-O 10. Qc2 d5 11. b3 Nc6 12. Bb2 Qd6 13. Rfe1 Rac8 14. Re5 Rfd8
15. Rae1 dxc4 16. Bxc4 Na5 17. Ng5 Nxc4 18. bxc4 Bf8 19. d5 h6 20. Nxf7 Kxf7
21. Rxe6 Qxd5 22. Rxf6+ Kg8 23. Nf3 Rxc4 24. Qg6 Rc7 25. Rfe6 Rc6 26. Nd4 Rxe6
27. Nxe6 Rd6 28. Bxg7 Rxe6 29. Bf6+ 1-0

[Event "SweCh MElit"]
[Site "Umeå, Sweden"]
[Date "2003.07.11"]
[Round "12"]
[White "Winge, Stefan"]
[Black "Rygaard, Michael"]
[Result "1-0"]
[WhiteElo "2278"]
[BlackElo "2335"]
[PlyCount "131"]
[EventDate "2003.06.29"]
[SourceDate "2003.06.29"]

1. e4 e5 2. Bc4 Nf6 3. d3 Bc5 4. Nf3 d6 5. O-O Be6 6. Nbd2 h6 7. c3 Nc6 8. Bxe6
fxe6 9. b4 Bb6 10. Nc4 Ne7 11. Qb3 Qd7 12. a4 c6 13. Nxb6 axb6 14. Be3 Nc8 15.
g3 O-O 16. Nh4 Kh7 17. d4 exd4 18. cxd4 g6 19. Qc2 Qg7 20. f3 Ne7 21. Rad1 Nd7
22. Ng2 Rfe8 23. Bc1 Ra7 24. Bb2 d5 25. Nf4 Nf8 26. Bc3 Nc8 27. Rfe1 Qf7 28.
Re2 Nd6 29. Rde1 Raa8 30. h4 Kg7 31. Kg2 b5 32. a5 Nc4 33. Nd3 Nd7 34. f4 Nd6
35. Nc5 Kh7 36. exd5 exd5 37. h5 Rxe2+ 38. Rxe2 Rg8 39. Re5 Nxc5 40. dxc5 Ne4
41. hxg6+ Rxg6 42. Be1 Qxf4 43. Re7+ Kg8 44. Qd3 Qc1 45. Qf3 Qb2+ 46. Kg1 Qd4+
47. Kh1 Qf6 48. Qxf6 Rxf6 49. Rxb7 Rf1+ 50. Kg2 Rxe1 51. a6 Ra1 52. a7 Ra2+ 53.
Kf3 Ra3+ 54. Kf4 Nf2 55. Kf5 Nd3 56. Rb8+ Kf7 57. Rb7+ Kg8 58. g4 Nxb4 59. Kg6
Kf8 60. Kxh6 Nd3 61. g5 Nxc5 62. Rb8+ Ke7 63. a8=Q Rxa8 64. Rxa8 Ne6 65. g6 d4
66. Ra1 1-0

[Event "SweCh MElit"]
[Site "Umeå, Sweden"]
[Date "2003.07.11"]
[Round "12"]
[White "Larsson, Victor"]
[Black "Nygren, Kim"]
[Result "1-0"]
[WhiteElo "2093"]
[BlackElo "2311"]
[PlyCount "102"]
[EventDate "2003.06.29"]
[SourceDate "2003.06.29"]

1. e4 c5 2. Nf3 d6 3. d4 cxd4 4. Nxd4 Nf6 5. Nc3 a6 6. Be2 e5 7. Nb3 Be7 8. O-O
Be6 9. f4 Qc7 10. Bf3 Nbd7 11. a4 h5 12. Kh1 Rc8 13. f5 Bc4 14. Re1 Ng4 15.
Bxg4 hxg4 16. Qxg4 Nf6 17. Qf3 Rh5 18. Nd2 Kd7 19. Nxc4 Qxc4 20. Nd5 Nxd5 21.
Qxh5 Nb4 22. Bg5 Nxc2 23. Rac1 Qb3 24. Red1 f6 25. Bd2 Qxa4 26. Qf7 Nd4 27. Be3
Rxc1 28. Rxc1 Qb3 29. Qxb3 Nxb3 30. Rc3 Nc5 31. Bxc5 dxc5 32. Rg3 Bf8 33. Rd3+
Kc7 34. Kg1 c4 35. Rd5 b6 36. Kf2 Bc5+ 37. Rxc5+ bxc5 38. Ke3 c3 39. bxc3 Kb6
40. g4 a5 41. h4 a4 42. Kd2 Kb5 43. g5 Kc4 44. Kc2 a3 45. gxf6 a2 46. Kb2 gxf6
47. h5 a1=Q+ 48. Kxa1 Kxc3 49. h6 Kd4 50. h7 Kxe4 51. h8=Q Kxf5 1-0

[Event "SweCh MElit"]
[Site "Umeå, Sweden"]
[Date "2003.07.12"]
[Round "13"]
[White "Nygren, Kim"]
[Black "Couso, Luis"]
[Result "0-1"]
[WhiteElo "2311"]
[BlackElo "2394"]
[PlyCount "78"]
[EventDate "2003.06.29"]
[SourceDate "2003.06.29"]

1. e4 c5 2. Nf3 e6 3. b3 Nc6 4. Bb2 d6 5. Bb5 Bd7 6. Bxc6 Bxc6 7. Qe2 Nf6 8.
Nc3 e5 9. O-O-O Be7 10. Ne1 O-O 11. f4 exf4 12. d4 cxd4 13. Rxd4 Nd7 14. Nd3
Re8 15. Qg4 Bf6 16. Rxd6 Qe7 17. Rxf6 Nxf6 18. Qxf4 Nxe4 19. Re1 Qd6 20. Nd5
Qxf4+ 21. N5xf4 f6 22. c4 Rad8 23. Kc2 Ng5 24. Rxe8+ Rxe8 25. h4 Nf7 26. Kd2
Ne5 27. Nxe5 fxe5 28. Nd3 Bxg2 29. Nxe5 Rf8 30. Ke3 Rf1 31. Bd4 a6 32. b4 Rh1
33. b5 axb5 34. cxb5 Rxh4 35. a4 Bd5 36. a5 Rh3+ 37. Kf4 Ra3 38. a6 bxa6 39.
Nc6 Bh1 0-1

[Event "SweCh MElit"]
[Site "Umeå, Sweden"]
[Date "2003.07.12"]
[Round "13"]
[White "Lindgren, Fredrik"]
[Black "Jonsson, Mikael"]
[Result "0-1"]
[WhiteElo "2306"]
[BlackElo "2314"]
[PlyCount "76"]
[EventDate "2003.06.29"]
[SourceDate "2003.06.29"]

1. e4 e5 2. Nf3 Nc6 3. Bb5 a6 4. Ba4 Nf6 5. d4 exd4 6. O-O Be7 7. e5 Ne4 8.
Nxd4 Nxd4 9. Qxd4 Nc5 10. Nc3 O-O 11. Bg5 Bxg5 12. Qxc5 Be7 13. Qe3 d5 14. Rad1
c6 15. Ne2 Bg4 16. f3 Qa5 17. Bb3 Bc5 18. Nd4 Bd7 19. c3 Ba7 20. Bc2 Qxa2 21.
Kh1 Qc4 22. Rfe1 Rae8 23. Qc1 Qc5 24. Qb1 g6 25. e6 Bxe6 26. Bxg6 Qd6 27. Bxh7+
Kg7 28. Rxe6 fxe6 29. Qg6+ Kh8 30. Qh5 Re7 31. Bf5+ Kg8 32. Qg6+ Rg7 33. Bxe6+
Kh8 34. Qd3 Bxd4 35. Bh3 Ba7 36. Re1 Bb8 37. g3 Qh6 38. Bg2 Bxg3 0-1

[Event "SweCh MElit"]
[Site "Umeå, Sweden"]
[Date "2003.07.12"]
[Round "13"]
[White "Engström, Kaj"]
[Black "Malmstig, Erik"]
[Result "1-0"]
[WhiteElo "2361"]
[BlackElo "2377"]
[PlyCount "89"]
[EventDate "2003.06.29"]
[SourceDate "2003.06.29"]

1. e4 d6 2. d4 Nf6 3. Nc3 g6 4. h4 h5 5. Bg5 Nbd7 6. Nf3 Nh7 7. Bc4 Nb6 8. Bb3
c6 9. a4 a5 10. Be3 Bg7 11. Qd2 Nf6 12. Ng5 d5 13. f3 O-O 14. e5 Ne8 15. g4 f6
16. gxh5 gxh5 17. exf6 exf6 18. Nge4 Bf5 19. O-O-O Kh7 20. Ng3 Bg6 21. Rdg1 Nd6
22. Qg2 Rg8 23. Kb1 Qe7 24. Bc1 Rae8 25. Nce2 Bf7 26. Nf4 Bh6 27. Qf2 Bxf4 28.
Bxf4 Bg6 29. Bxd6 Qxd6 30. f4 Nc4 31. f5 Bf7 32. Bxc4 dxc4 33. Ne2 b5 34. Nf4
c3 35. Rg6 Re4 36. Qf3 Bxg6 37. fxg6+ Kg7 38. Qxe4 Qb4 39. Nd3 Qd6 40. Re1 bxa4
41. Nf4 Qb4 42. Qe7+ Qxe7 43. Rxe7+ Kf8 44. Ra7 Ke8 45. Ra8+ 1-0

[Event "SweCh MElit"]
[Site "Umeå, Sweden"]
[Date "2003.07.12"]
[Round "13"]
[White "Eriksson, Anders"]
[Black "Larsson, Victor"]
[Result "1-0"]
[WhiteElo "2334"]
[BlackElo "2093"]
[PlyCount "70"]
[EventDate "2003.06.29"]
[SourceDate "2003.06.29"]

1. Nf3 d5 2. g3 Nf6 3. Bg2 e6 4. O-O Be7 5. c4 O-O 6. b3 c5 7. Bb2 Nc6 8. cxd5
exd5 9. d4 Ne4 10. dxc5 Bxc5 11. Nc3 Be6 12. Rc1 Qb6 13. Nxe4 dxe4 14. Ng5 Be3
15. Rxc6 bxc6 16. Nxe6 fxe6 17. fxe3 Qxe3+ 18. Kh1 Rxf1+ 19. Bxf1 Rf8 20. Bh3
Qh6 21. Qd7 Kh8 22. Qe7 Ra8 23. Bxe6 a5 24. a4 e3 25. Bc4 Rc8 26. Qe6 Qxe6 27.
Bxe6 Rf8 28. Bc4 c5 29. Bc3 h5 30. Bxa5 g5 31. Bb6 Rf5 32. Bd3 Rd5 33. Kg2 g4
34. a5 h4 35. gxh4 g3 1-0

[Event "SweCh MElit"]
[Site "Umeå, Sweden"]
[Date "2003.07.12"]
[Round "13"]
[White "Vernersson, Per"]
[Black "Lundin, Anders"]
[Result "1-0"]
[WhiteElo "2438"]
[BlackElo "2247"]
[PlyCount "99"]
[EventDate "2003.06.29"]
[SourceDate "2003.06.29"]

1. Nf3 c5 2. c4 Nf6 3. Nc3 Nc6 4. d4 cxd4 5. Nxd4 e6 6. a3 Nxd4 7. Qxd4 b6 8.
Bf4 Bc5 9. Qd2 Bb7 10. e3 O-O 11. Rd1 d5 12. b4 Be7 13. Qb2 Qc8 14. cxd5 Nxd5
15. Nxd5 Bxd5 16. Be5 f6 17. Rc1 Qd7 18. Bc3 Qa4 19. f3 Rac8 20. Be2 Bc4 21.
Bd1 Qd7 22. Kf2 Rfd8 23. Bc2 Qe8 24. Rhd1 Qh5 25. Kg1 Bd6 26. f4 Bd5 27. Bd3
Bb7 28. Bf1 Bb8 29. Rxd8+ Rxd8 30. Qb3 Qd5 31. Qc2 Kf8 32. Qxh7 Kf7 33. Qc2 Rd7
34. Bb2 Qd2 35. Qc3 Ke7 36. a4 Be4 37. b5 Bb7 38. Ba3+ Kf7 39. Bb4 Qd5 40. Qc4
Qf5 41. Qc2 Qh5 42. Be2 Qh6 43. Rd1 Rxd1+ 44. Qxd1 Bd5 45. Bf3 Bxf3 46. Qxf3
Qh8 47. Qb7+ Kg6 48. Qd7 Qg8 49. g4 Kh7 50. Kg2 1-0